000 01532cam0 2200385 ib4500
001 BY-HR0014-br5665681
005 20241127131654.0
010 ^a978-5-04-117988-5
^bв переплете
^d10.80 р.
035 ^a(BY-MI0015)BY-MI0015-br570042
035 ^a(BY-MI0021)BY-MI0021-br777290
100 ^a20210806d2021 m y0rusy50 ca
101 0 ^arus
^beng
102 ^aRU
105 ^ay z 000ay
109 ^ama
200 1 ^aДолгая дорога домой
^e[роман]
^fСару Брайерли
^g[перевод с английского Я. Матросовой]
210 ^aМосква
^c[Эксмо]
^d2021
215 ^a246, [7] с.
^d21 см.
304 ^aЗаглавие и автор оригинала: ALONG WAY HOME / Saroo Brierleу
333 ^a16+
345 ^94000 экз.
606 ^aАВСТРАЛИЙСКАЯ ЛИТЕРАТУРА
^3BY-NLB-ar67380
^2DVNLB
606 ^aХУДОЖЕСТВЕННАЯ ЛИТЕРАТУРА
^3BY-NLB-ar37179
^2DVNLB
608 ^aРОМАН
^2BYGNR
^3BY-NLB-ar92012
686 ^a84(8Авс)
^2rubbk
690 ^a1
^2Base
^9BY-MI0001
^xRSEK
700 1 ^aБрайерли
^bС.
^gСару
^4070
702 1 ^aМатросова
^bЯ. Е.
^gЯна Евгеньевна
^cпереводчик
^3BY-SEK-ar13226974
^4730
801 0 ^aBY
^bBY-HR0014
^c20210806
^gRCR
801 2 ^aBY
^bBY-MI0001
^c20211207
^gRCR
035 ^a(BY-MI0001)BY-HR0014-br5665681
899 0 ^aBY-MI0001
^iБ87
^h84(8Авс)